Cátedra familia amoris laetitia : ensayos críticos sobre la exhortación apostólica la alegría del amor /

Bibliographic Details
Corporate Author: Universidad Popular Autónoma del Estado de Puebla (Editor)
Other Authors: Ortiz Müggenburg, José Carlos (Editor), Robles Luján, Cintia C. (Editor)
Format: Electronic eBook
Language:Spanish
Published: Bogotá, Colombia : Editorial Aula de Humanidades, 2022.
Edition:Primera edición.
Series:Colección Familia y sociedad (Editorial Aula de Humanidades)
Subjects:
Online Access:Digitalia Hispánica

MARC

LEADER 00000nam a2200000Ii 4500
001 DIGAUHUM0109
003 NyNyDIG
006 m o d
007 cr |||||||||||
008 260205s2022 ck ob 001 0 spa d
035 |a (OCoLC)1573182261 
040 |a DGITA  |b eng  |e rda  |e pn  |c DGITA 
020 |a 9789585196742  |q (versión digital) 
020 |z 9789585196728  |q (versión impresa) 
050 1 4 |a BX2351 ebook 
245 0 0 |a Cátedra familia amoris laetitia :  |b ensayos críticos sobre la exhortación apostólica la alegría del amor /  |c José Carlos Ortiz Müggenburg, Cintia C. Robles Luján, UPAEP, Universidad (eds.). 
246 3 0 |a Ensayos críticos sobre la exhortación apostólica la alegría del amor 
246 3 0 |a Amoris laetitia 
250 |a Primera edición. 
264 1 |a Bogotá, Colombia :  |b Editorial Aula de Humanidades,  |c 2022. 
300 |a 1 online resource. 
336 |a text  |b txt  |2 rdacontent 
337 |a computer  |b c  |2 rdamedia 
338 |a online resource  |b cr  |2 rdacarrier 
347 |a text file  |2 rdaft 
347 |b PDF 
490 1 |a Colección Familia y sociedad 
504 |a Includes bibliographical references and indexes. 
588 0 |a Online resource; title from PDF title page (Digitalia, viewed February 5, 2026) 
610 2 0 |a Catholic Church  |x Doctrines  |v Papal documents. 
600 0 0 |a Francis,  |c Pope,  |d 1936-2025. 
650 0 |a Families  |x Religious aspects  |x Catholic Church  |v Papal documents. 
650 0 |a Families  |x Religious life  |v Papal documents. 
650 0 |a Apostolic exhortations (Papal letters) 
700 1 |a Ortiz Müggenburg, José Carlos,  |e editor. 
700 1 |a Robles Luján, Cintia C.,  |e editor. 
710 2 |a Universidad Popular Autónoma del Estado de Puebla,  |e editor. 
791 2 |a Digitalia (Firm),  |e distributor. 
793 0 |g Digitalia eBook Collection:  |a Editorial Aula de Humanidades 
776 0 8 |i Print version:  |t Cátedra familia amoris laetitia.  |b Primera edición.  |d Bogotá, Colombia : Editorial Aula de Humanidades, 2022  |z 9789585196728 
830 0 |a Colección Familia y sociedad (Editorial Aula de Humanidades) 
856 4 0 |3 Digitalia Hispánica  |u https://www.digitaliapublishing.com/a/183369/ 
910 |a Premium collection: 2026